Statistics for Most valuable Eredivise players

Click here to take the quiz!

General Stats

  • This quiz has been taken 26 times
  • The average score is 30 of 49

Answer Stats

valueposyoAnswer% Correct
€45.00mIlustracjaFlag of MexicoST22Santiago Giménez
100%
€22.00mPSV Eindhoven.svgFlag of the United StatesRB23Sergiño Dest
92%
€25.00mAjax Amsterdam.svgFlag of the NetherlandsST22Brian Brobbey
88%
€18.00mPSV Eindhoven.svgFlag of MexicoRW28Hirving Lozano
88%
€35.00mIlustracjaFlag of SlovakiaCB26Dávid Hancko
84%
€32.00mPSV Eindhoven.svgFlag of the NetherlandsCM25Joey Veerman
84%
€40.00mPSV Eindhoven.svgFlag of BelgiumRW20Johan Bakayoko
84%
€22.00mIlustracjaFlag of GreeceST25Vangelis Pavlidis
84%
€32.00mIlustracjaFlag of the NetherlandsRB23Lutsharel Geertruida
80%
€20.00mAjax Amsterdam.svgFlag of the NetherlandsLW26Steven Bergwijn
80%
€27.00mPSV Eindhoven.svgFlag of France (1794–1815, 1830–1974)CB26Olivier Boscagli
72%
€22.00mAjax Amsterdam.svgFlag of the NetherlandsCB18Jorrel Hato
68%
€13.00mIlustracjaFlag of the NetherlandsGK26Justin Bijlow
68%
€17.00mPSV Eindhoven.svgFlag of the United StatesCAM21Malik Tillman
68%
€27.00mIlustracjaFlag of the NetherlandsCDM24Mats Wieffer
68%
€22.00mIlustracjaFlag of the NetherlandsCM22Quinten Timber
68%
€13.00mPSV Eindhoven.svgFlag of ArgentinaGK31Walter Benítez
68%
€12.00mAjax Amsterdam.svgFlag of EnglandST28Chuba Akpom
64%
€12.00mIlustracjaFlag of BrazilLW23Igor Paixão
64%
€24.00mPSV Eindhoven.svgFlag of the NetherlandsCDM27Jerdy Schouten
64%
€15.00mAjax Amsterdam.svgCB24Josip Šutalo
64%
€12.00mIlustracjaFlag of JapanRB23Yukinari Sugawara
64%
€8.00mIlustracjaFlag of JapanST25Ayase Ueda
60%
€6.50mAjax Amsterdam.svgFlag of EnglandCM33Jordan Henderson
60%
€23.00mIlustracjaFlag of the NetherlandsLB22Quilindschy Hartman
60%
€12.00mIlustracjaFlag of The GambiaRW19Yankuba Minteh
60%
€8.00mAjax Amsterdam.svgLWB26Borna Sosa
56%
€20.00mPSV Eindhoven.svgFlag of the NetherlandsLW24Noa Lang
56%
€11.00mPSV Eindhoven.svgFlag of the United StatesST21Ricardo Pepi
56%
€16.00mPSV Eindhoven.svgFlag of the NetherlandsRB24Jordan Teze
52%
€10.00mIlustracjaFlag of AlgeriaCM25Ramiz Zerrouki
52%
€7.00mFC Twente.svgFlag of the NetherlandsCAM22Sem Steijn
52%
€8.00mAjax Amsterdam.svgFlag of the NetherlandsCAM32Steven Berghuis
52%
€7.00mAjax Amsterdam.svgFlag of TurkeyCB21Ahmetcan Kaplan
48%
€18.00mPSV Eindhoven.svgFlag of GermanyCB22Armel Bella Kotchap
48%
€8.00mAjax Amsterdam.svgFlag of the NetherlandsRB21Devyne Rensch
48%
€10.00mAjax Amsterdam.svgFlag of GermanyGK22Diant Ramaj
48%
€16.00mPSV Eindhoven.svgFlag of MoroccoRW22Ismael Saibari
48%
€12.00mIlustracjaCAM25Luka Ivanušec
48%
€7.00mPSV Eindhoven.svgFlag of BrazilRB24Mauro Júnior
48%
€6.50mAjax Amsterdam.svgFlag of NorwayCDM21Sivert Mannsverk
48%
€8.00mAjax Amsterdam.svgFlag of the NetherlandsCM28Branco van den Boomen
44%
€15.00mIlustracjaFlag of the NetherlandsCAM25Calvin Stengs
44%
€10.00mAjax Amsterdam.svgFlag of PortugalLW20Carlos Forbs
44%
€10.00mPSV Eindhoven.svgFlag of the NetherlandsCAM26Guus Til
40%
€10.00mAjax Amsterdam.svgFlag of the NetherlandsCM21Kenneth Taylor
40%
€7.00mAjax Amsterdam.svgFlag of IcelandCAM20Kristian Hlynsson
40%
€7.00mIlustracjaFlag of the NetherlandsCB22Thomas Beelen
36%
€8.00mSC Heerenveen logo.svgFlag of NorwayLM22Osame Sahraoui
32%

Score Distribution

Percentile by Number Answered

Percent of People with Each Score

Your Score History

You have not taken this quiz